Κατάλογος Βιβλιοθηκών Mediterranean College

Europeans and Their Health / World Health - The Magazine of the World Health Organization (Record no. 9145)

MARC details
000 -LEADER
fixed length control field 01097cam a22001814a 4500
005 - ΗΜΕΡΟΜΗΝΙΑ ΚΑΙ ΩΡΑ ΤΕΛΕΥΤΑΙΑΣ ΕΝΗΜΕΡΩΣΗΣ
Πεδίο ελέγχου 20250605164354.0
008 - FIXED-LENGTH DATA ELEMENTS--GENERAL INFORMATION
Πεδίο ελέγχου σταθερού μήκους 250528s ||||||||||||||||||||||||d
035 ## - SYSTEM CONTROL NUMBER
System control number 24255
040 ## - ΠΗΓΗ ΚΑΤΑΛΟΓΟΓΡΑΦΗΣΗΣ
Φορέας πρωτότυπης καταλογογράφησης MC Athens Campus Library
Γλώσσα καταλογογράφησης Ελληνικά, Μοντέρνα (1453-)
Modifying agency MC Athens Campus Library
Κανόνες περιγραφικής καταλογογράφησης AACR2
245 1# - ΤΙΤΛΟΣ ΚΑΙ ΔΗΛΩΣΗ ΥΠΕΥΘΥΝΟΤΗΤΑΣ
Τίτλος Europeans and Their Health / World Health - The Magazine of the World Health Organization
260 ## - PUBLICATION, DISTRIBUTION, ETC.
Name of publisher, distributor, etc. World Health,
Date of publication, distribution, etc. 1991
300 ## - PHYSICAL DESCRIPTION
Extent 31
520 ## - SUMMARY, ETC.
Summary, etc. The European Way to Health for All, Towards Health for All in England, Health for All - Theory and Practice, Reforming Outdated Health Systems, Environment and Health - Everyone's Concern, Heartbeat Wales, The Clock Can't be Stopped, Cities on the Road to Health, Health Targets for Europe, Europe and Smoking, Eurohealth: A Programme for Central and Eastern Europe, From Abortion to Contraception in Romania, Women's Health in Europe, The Quality of Health Care, The Elixir of Life, Water: A Fragile Resource, Responding to Disasters, USSR: Learning to Think Constructively.
700 1# - ΠΡΟΣΘΕΤΗ ΑΝΑΓΡΑΦΗ--ΦΥΣΙΚΟ ΠΡΟΣΩΠΟ
Personal name Liisberg Eilif
9 (RLIN) 9434
942 ## - ADDED ENTRY ELEMENTS (KOHA)
Koha item type Περιοδικά Δημοσιεύματα
Holdings
Τύπος τεκμηρίου Βιβλιοθήκη Τρέχουσα τοποθεσία Barcode Ημερομηνία απόκτησης Ταξιθετικό σύμβολο Αριθμός αντιτύπου Κατάσταση απόσυρσης Κατάσταση χαμένου Κατάσταση κατεστραμμένου Μη δανεισμός Σύνολο δανεισμών Ημερομηνία τελευταίας εμφάνισης Η τιμή ισχύει από
Περιοδικά Δημοσιεύματα MC Athens Campus Library MC Athens Campus Library 9780000091444 05/06/2025 U.N./ Ο.Η.Ε. ΝΑΡΚΩΤΙΚΑ - ΥΓΕΙΑ 1           05/06/2025 05/06/2025

MC Athens Campus Library
Πατησίων 94 & Κοδριγκτώνος 13, 104 34
Πελλήνης 8 & Πατησίων 107, 112 51
Τ: +30 210 8899600

MC Thessaloniki Campus Library
Ίωνος Δραγούμη 21, 54625 | Ίωνος Δραγούμη 15, 54625
Τ: +30 2310 287779 – Τ: +30 2314 440300